Ganzheitliches Zeitmanagement. Mehr Zeit für das Wesentliche.
Náčrt techník plánovania času s cieľom ušetriť čo najviac času na podstatné úlohy. Desať hlavných príčin straty času. Techniky zostavenia časových plánov. Negatívne dôsledky rušivých faktorov. Zhrnutie práce do blokov s prestávkami na odpočinok.
Saved in:
| Main Author: | |
|---|---|
| Format: | Book Chapter |
| Language: | German |
| Subjects: | |
| Tags: |
No Tags, Be the first to tag this record!
|
MARC
| LEADER | 00000naa a2200000 4500 | ||
|---|---|---|---|
| 001 | r003274 | ||
| 005 | 20221130103210.3 | ||
| 041 | 0 | |a ger | |
| 044 | |a DE | ||
| 245 | 1 | 0 | |a Ganzheitliches Zeitmanagement. |b Mehr Zeit für das Wesentliche. |c L.J. Seiwert |
| 520 | |a Náčrt techník plánovania času s cieľom ušetriť čo najviac času na podstatné úlohy. Desať hlavných príčin straty času. Techniky zostavenia časových plánov. Negatívne dôsledky rušivých faktorov. Zhrnutie práce do blokov s prestávkami na odpočinok. | ||
| 610 | 2 | 0 | |a ekonómia času |
| 610 | 2 | 0 | |a straty časové |
| 610 | 2 | 0 | |a organizácia práce |
| 610 | 2 | 0 | |a práca riadiaca |
| 100 | 1 | |a Seiwert, L.J. | |